Logo BPK

Biblioteka

Politechniki Koszalińskiej

Internationalisation of engineering education : (Rekord nr 31470)

Szczegóły MARC
000 -ETYKIETA REKORDU
podpole kontrolne o stałej długości 01133nam a2200253 i 4500
001 - NUMER KONTROLNY REKORDU
pole kontrolne bg
020 ## - MIĘDZYNARODOWY ZNORMALIZOWANY NUMER KSIĄŻKI - ISBN
ISBN 0732608864
040 ## - ŹRÓDŁO KATALOGOWANIA
Instytucja, która utworzyła rekord BPK
041 0# - KOD JĘZYKA
Kod języka tekstu en
Kod języka streszczenia lub abstraktu en
080 ## - UNIWERSALNA KLASYFIKACJA DZIESIĘTNA - UKD
UKD 378.662(061.3)
920 ## - Międzynarodowy znormalizowany numer książki – ISBN
ISBN 0-7326-0886-4
008 - POLE O STAŁEJ DŁUGOŚCI - DANE KONTROLNE
podpole kontrolne o stałej długości s pl f |000 0 pol
245 00 - TYTUŁ/ODPOWIEDZIALNOŚĆ
Tytuł Internationalisation of engineering education :
Ciąg dalszy tytułu proceedings of the 7th Annual convention and conference, 10-13 December 1995, The University of Melbourne /
Pozostałe elementy strefy tytułu i oznaczenia odpowiedzialności ed.by Mohammad Aldeen and Zenon J. Pudlowski ; Australasian Association for Engineering Education.
246 1# - WARIANT TYTUŁU
Tytuł 7th Annual convention and conference of the Australasian Assocation for Engineering Education
260 ## - STREFA ADRESU WYDAWNICZEGO
Miejsce wydania Melbourne :
Nazwa wydawcy/dystrybutora Monash Univ.,
Data publikacji, dystrybucji/powstania dokumentu 1995.
300 ## - STREFA OPISU FIZYCZNEGO
Objętość 484 s. :
Inne cechy fizyczne fot., 1 mapa, rys., wykr. ;
Rozmiary 26 cm.
500 ## - UWAGI OGÓLNE
Tekst uwagi Tyt. grzbiet.: 7th |Annual convention and conference of the Australasian Assocation for Engineering Education.
504 ## - UWAGA DOTYCZĄCA BIBLIOGRAFII
Informacje o bibliografii Bibliogr., summ. przy ref. - Indeks aut.
650 #9 - HASŁO PRZEDMIOTOWE W FORMIE NAZWY OGÓLNEJ LUB JEDNOSTKOWEJ
Nazwa ogólna lub geograficzna Szkolnictwo wyższe techniczne
Określnik ogólny nauczanie
655 ## - TERMIN INDEKSOWY - OKREŚLENIE RODZAJU/FORMY DOKUMENTU
Określenie rodzaju/formy dokumentu Materiały konferencyjne
700 1# - HASŁO DODATKOWE - NAZWA OSOBOWA
Nazwa osobowa ALDEEN, Mohammad.
Określenie związku między hasłem a opisywanym materiałem Red.
700 1# - HASŁO DODATKOWE - NAZWA OSOBOWA
Nazwa osobowa PUDLOWSKI, Zenon J.
Określenie związku między hasłem a opisywanym materiałem Red.
856 ## - LOKALIZACJA I DOSTĘP DO ELEKTRONICZNYCH DOKUMENTÓW ZDALNYCH
Link (URL) http://koha.tu.koszalin.pl/cgi-bin/koha/opac-detail.pl?biblionumber=31470
Tekst linku Katalog online BPK
942 ## - DODATKOWE ELEMENTY (KOHA)
Typ dokumentu Książka
Egzemplarze
Wycofany Status egzemplarza Uszkodzony Dostępność Lokalizacja stała Lokalizacja bieżąca Miejsce przechowywania Sygnatura Kod kreskowy Typ dokumentu
      Dostępny Biblioteka Politechniki Koszalińskiej Biblioteka Politechniki Koszalińskiej Wypożyczalnia BG 38848 01267303 Książka
© 2023 Biblioteka Politechniki Koszalińskiej :: KOHA